000 00860nam a2200229 u 4500
001 000002705
005 20241007115234.0
008 090703s1995 dr a 000 0 spa d
040 _aDO-SdBNP
_bspa
_cBNPHU
082 _a338.4791
_bP438t, 1995
100 1 _aPérez Alvarado, Jorge Luis
_98539
245 1 0 _aTurismo internacional :
_bmanual /
_cJorge Luis Pérez Alvarado ; prólogo Adriano de la Cruz.
260 _aSanto Domingo :
_bEspañola,
_c1995.
300 _a226p. :
_bil. ;
_c21 cm.
504 _aBibliografía : p. 223-226
500 _aIncluye lista de organizaciones no gubernamentales dedicadas a la conservación y/o defensa del medio ambiente
590 _aInventariado, 2018/DG
650 0 _aTurismo
_92632
650 4 _aComercio turístico
_98540
700 1 2 _aCruz, Adriano de la
_epról.
_97194
910 _aValidado. Control de calidad MFF
999 _c2541
_d2541